000 00783nam a22001337a 4500
040 _cRUA
082 _aATM MEA 2013 B515 Or.
100 _aMEAS CHONSITHA; មាស ចនស៊ីថា
245 _aStudy on effectiveness of agricultural extension of cambodia harvest project in siem reap province, សិក្សាពីប្រសិទ្ធភាពនៃការផ្សព្វផ្សាយបច្ចេកទេសកសិកម្មរបស់គម្រោងកម្ពុជាហាវេស៍ នៅក្រុងសៀមរាប ខេត្តសៀមរាប
260 _aRUA
_bPhnom Penh
_c2013
300 _axi; 54p.
_bill.
_c29cm.
856 _uhttps://drive.google.com/file/d/1YHAr-dNNcanUxpQJFwwp46_x_rphrfgY/view?usp=sharing
942 _cATM
999 _c9385
_d9385